THROUGH TIME INTO HEALING (Record no. 378448)

MARC details
000 -LEADER
fixed length control field 00364nam a2200145Ia 4500
008 - FIXED-LENGTH DATA ELEMENTS--GENERAL INFORMATION
fixed length control field 100122s9999 xx 000 0 und d
082 ## - DEWEY DECIMAL CLASSIFICATION NUMBER
Item number 61775
Classification number 150
100 ## - MAIN ENTRY--PERSONAL NAME
Personal name WEISS BRIAN
245 ## - TITLE STATEMENT
Title THROUGH TIME INTO HEALING
260 ## - PUBLICATION, DISTRIBUTION, ETC. (IMPRINT)
Name of publisher, distributor, etc FIRE SIDE
Date of publication, distribution, etc 1992
300 ## - PHYSICAL DESCRIPTION
Extent 202
630 ## - SUBJECT ADDED ENTRY--UNIFORM TITLE
Uniform title THROUGH TIME INTO HEALING
730 ## - ADDED ENTRY--UNIFORM TITLE
Uniform title THROUGH TIME INTO HEALING
942 ## - ADDED ENTRY ELEMENTS (KOHA)
Koha item type Book
Holdings
Withdrawn status Lost status Damaged status Not for loan Home library Current library Date acquired Cost, normal purchase price Total Checkouts Full call number Barcode Date last seen Cost, replacement price Price effective from Koha item type Public note
        S.V. Pathak Library, Vile Parle S.V. Pathak Library, Vile Parle 09/03/2002 100.00   61775 SVPPARLE-61775 01/25/2010 100.00 01/25/2010 Book ", , General, NA"